| 000 | 00000nam##2200000za#4500 |
| 001 | 9.572771 |
| 003 | CaOODSP |
| 005 | 20210624183358 |
| 007 | cr ||||||||||| |
| 008 | 150406|1999||||xxc|||||o f|0| 0 eng|d |
| 040 | |aCaOODSP|beng |
| 043 | |an-cn--- |
| 086 | 1 |aH113-2/2-1999E-PDF |
| 110 | 1 |aCanada. |bPest Management Regulatory Agency. |
| 245 | 10|aFact sheet on the regulation of pesticides in Canada |h[electronic resource] |
| 260 | |aOttawa - Ontario : |bHealth Canada. |c[1999]. |
| 300 | |a9p.|btable |
| 490 | 1 |aFact sheet |
| 590 | |a12-30-Supp|b2012-06-28 |
| 775 | 08|tFiche technique sur la réglementation des pesticides au Canada |w(CaOODSP)9.603043 |
| 776 | 0#|tFact sheet on the regulation of pesticides in Canada |w(CaOODSP)9.535244 |
| 776 | 0#|tFiche technique sur la réglementation des pesticides au Canada |w(CaOODSP)9.535245 |
| 830 | #0|aFact sheet.|w(CaOODSP)9.504456 |
| 856 | 40|ahttp://publications.gc.ca|qPDF|s29 KB|uhttps://publications.gc.ca/collections/Collection/H113-2-2-1999E.pdf |